000 00513nam a2200181Ia 4500
005 20250317131345.0
008 008 250317s9999 xx 000 0 eng d
037 _aTextbook
040 _aFMSL
_beng
_cFMSL
041 _aeng
_2eng
084 _aB28 L62
_qFMSL
100 _aBrandley J V
_9746924
245 0 _aProbability; Decision; Statistics
260 _aNew Jersey
_bNew Jersey, Prentice-Hall
_c1976
300 _a590p
942 _cTB
_hB28 L62
999 _c1267774
_d1267774